000 01536cad a22002415a 4500
001 L149193
008 120619s2010 xxk f 000 0 eng d
020 _a9781847541956
035 _a(Sirsi) u149193
041 0 _aeng
110 2 _aCampaign to Protect Rural England
_94718
245 0 0 _aGreen belts
_ba greener future[electronic resource]
260 _aLondon
_bCPRE
_aSheffield
_bNatural England
_c2010
505 2 _aIntroduction -- Green Belt debate -- Characteristics of Green Belt land -- People and natural environment -- Attractive landscapes -- Healthy natural system -- Thriving farming and forestry -- New challenges for Green Belt Land -- Annexe A methodology -- Annexe B data table
520 _aPresents evidence on land designated as Green Belt in England. Traces the history of Green Belt desigination, summarises recent research and commentary and describes the characteristics of Green Belt land. Assesses the contribution Green Belt designation makes to opening up access to the countryside, outdoor sport and recreation, improving derelict and damaged land around urban sprawls, nature conservation, agriculture and forestry. Considers effect of climate change on Green Belts.
590 _aKA NTK
650 2 4 _aPLANNING POLICY GUIDANCE NOTE 2 (GREEN BELTS)
651 4 _aEngland
_y886-
690 _aPlanning and development
_96259
710 1 _aNatural England
_95071
856 4 0 _uhttps://publications.naturalengland.org.uk/file/92020
_zView the report at publications.naturalengland.org.uk
942 _n0
999 _c110404
_d110404